| 000 -ლიდერი |
| ფიქსირებული სიგრძის საკონტროლო ველი |
01261nam a22002657a 4500 |
| 003 - საკონტროლო ნომრის იდენტიფიკატორი |
| საკონტროლო ველი |
Ge_BSU |
| 005 - ბოლო ოპერაციის თარიღი და დრო |
| საკონტროლო ველი |
20210402175944.0 |
| 008 - ფიქსირებული სიგრძის მონაცემთა ელემენტები - ზოგადი ინფორმაცია |
| ფიქსირებული სიგრძის საკონტროლო ველი |
210402s2020 ge ||||| |||| 00| 0 geo d |
| 020 ## - წიგნის საერთაშორისო სტანდარტული ნომერი |
| International Standard Book Number |
9789941258350 |
| 041 ## - ენის კოდი |
| Language code of text/sound track or separate title |
geo |
| 080 ## - უნივერსალური ათობითი კლასიფიკაციის ინდექსი |
| Universal Decimal Classification number |
94/(479.22-22) მ-30 |
| 245 ## - ცნობა სათაურის შესახებ |
| Title |
მარადიდი / |
| Statement of responsibility, etc |
წიგნის ავტორები: მალხაზ ჩოხარაძე, მამია ფაღავა, ნათელა ფარტენაძე და სხვ.; რედაქტორი მალხაზ ჩოხარაძე. |
| 264 ## - წარმოების, გამოცემის, დისტრიბუციის და სხვა ცნობები |
| გამოცემის, წარმოების, დისტრიბუციის... ადგილი |
ბათუმი : |
| გამოცემის, წარმოების, დისტრიბუციის... სახელწოდება |
მერიდიანი, |
| გამოცემის, წარმოების, დისტრიბუციის... თარიღი |
2020. |
| 300 ## - ფიზიკური აღწერა |
| Extent |
980 გვ. ; |
| Other physical details |
25 სმ. |
| 500 ## - ზოგადი შენიშვნა |
| General note |
პარალ სათაური ინგ. |
| 520 ## - SUMMARY, ETC. |
| Summary, etc |
რეზიუმე ინგ. ენ. |
| 653 ## - INDEX TERM--UNCONTROLLED |
| Uncontrolled term |
მარადიდი |
| 653 ## - INDEX TERM--UNCONTROLLED |
| Uncontrolled term |
ისტორია |
| 653 ## - INDEX TERM--UNCONTROLLED |
| Uncontrolled term |
ეთნოლოგია |
| 653 ## - INDEX TERM--UNCONTROLLED |
| Uncontrolled term |
ფოლკლორი |
| 700 ## - ADDED ENTRY--PERSONAL NAME |
| Personal name |
ჩოხარაძე, მალხაზ |
| Relator term |
ავტორი |
| 9 (RLIN) |
11052 |
| 700 ## - ADDED ENTRY--PERSONAL NAME |
| Personal name |
ფაღავა, მამია |
| Relator term |
ავტორი |
| 9 (RLIN) |
11053 |
| 700 ## - ADDED ENTRY--PERSONAL NAME |
| Personal name |
ფარტენაძე, ნათელა და სხვ |
| Relator term |
ავტორი |
| 9 (RLIN) |
11054 |
| 942 ## - ADDED ENTRY ELEMENTS (KOHA) |
| Source of classification or shelving scheme |
|
| Koha item type |
წიგნი |